zpět

Detail výsledku týmu

Bounty Rock Cafe, Olomouc

Datum a čas kvízu

32 Celkem bodů Celkový počet nahraných bodů na tomto kvízu bez doplňovacích otázek.
6. Pořadí na kvízu Konečné umístění týmu na tomto kvízu.

Zaznamenané odpovědi

# Otázka Odpověď Body Výsledky
1. Někteří senátoři chtějí ve Va... lavička s popelníkem 1
2. Saúdskoarabský korunní princ M... Jeff Bezos 1
3. 71letý zpěvák Ozzy Osbourne oz... Parkinsonova choroba 0
4. Do švýcarského městečka Davos... Světové ekonomické fórum (WEF) 1
5. Čínská tenistka Wang Čhiang, 2... Serenu Williamsovou 1
6. Jelikož se o ostrovech zmiňuje... D) zaťatou pěst se vztyčeným ukazováčkem 0
7. Jak se nazývá ostrov, na němž... Borneo 1
8. Za jistou formu "ostrova" se d... B C 1
9. Ostrovačice v okrese Brno-venk... Amerika 0
10. Jak se jmenoval německý patolo... Paul Langerhans 0